Score 0/18 Timer 02:00
0 Plays Today
clue answer % Correct
ComposerBaby
95.8%
DirectorGran
93.7%
ActorEscape
90.2%
DirectorBridges
84.7%
ActorLine
82.4%
ActorFistful
80.8%
DirectorSpace
63.8%
ComposerMystic
63.5%
DirectorImpact
63.3%
clue answer % Correct
DirectorLetters
61.8%
DirectorRidge
59.3%
ComposerFlags
48.5%
ComposerEdgar
46.9%
ActorMagnum
38.9%
ActorCurve
36.7%
ComposerPower
29.3%
ActorPerfect
14.9%
ComposerGrace
4.9%

Today's Daily Dose

Remove Ads.
Support Sporcle.
Get the best of Sporcle when you Go Orange. This ad-free experience offers more features, more stats, and more fun while also helping to support Sporcle. Thank you for becoming a member.

You're not logged in!

Compare scores with friends on all Sporcle quizzes.
OR
Log In

Show Comments

Extras

Top Quizzes Today


Score Distribution

Your Account Isn't Verified!

In order to create a playlist on Sporcle, you need to verify the email address you used during registration. Go to your Sporcle Settings to finish the process.

Report this User

Report this user for behavior that violates our Community Guidelines.

Details: